000 00499nam a22001817a 4500
005 20251108175518.0
008 250721s2016 xx 000 0 ara d
082 1 4 _a811.9565/يعق
100 1 _aيعقوب، سعيد
245 1 0 _aنبض الروح : شعر /
264 1 _aعمان :
_bوزارة الثقافة،
_c2016.
300 _a174 ص.
650 1 7 _aالشعر العربي
650 1 7 _aالأردن
650 1 7 _aالعصر الحديث
942 _2ddc
_cBK
999 _c135848
_d135848